00789nam a2200193Ia 4500003000900000008004100009040001600050080002200066111008700088245017900175260004800354300002300402650003200425650003000457700002800487700002700515700002700542700002600569IN-BaIIA211028s9999 xx 000 0 eng d cIIA Library a533.9(082.2)bDIF aInternational Conference on Diffuse Relativistic PlasmascBangalored2011 Mar. 1-4 0aDiffuse relativistic plasmasbproceedings of the international conference held at Raman Research Institute, Bangalore, March 1-4, 2011cedited by K. S. Dwarakanath...[et al.] aBangalorebIndian Academy of Sciencesc2012 a[various pagings.] aCosmic evolution-Congresses aPlasma physics-Congresses aDwarakanath, K. S., ed. aRudnick, Lawrence, ed. aUdaya Shankar, N., ed. aVenturi, Tiziana, ed.